00646nam a2200181 a 450008200160000010000290001624500230004526000380006830000090010650000350011550500320015065000230018270000290020594200070023495201150024195200910035699900170044700a297.64bHAI aHaikal, Mohammad Hussain aUmar Farooq-e-Azam aDelhibIslamic Book Servicec1992 a765p aincludes index and biblioraphy2 aAppendix, References, Index aUmar Farooq-e-Azam1 aHaikal, Mohammad Hussain cBK 001040708StackRoom-aHMIbHMId2007-07-12g75.00l0o297.64 HAIp016168r2007-07-12v75.00w2005-05-24yBK 00104070aHMIbHMIcGENd2018-06-19l0o297.64 HAIp2905r2018-06-19w2018-06-19yBK c11738d11738